Gaming Quiz

Random Gaming or Video Games Quiz

Babylon Names4 Games Quiz Stats

 Plays Quiz not verified by Sporcle

Challenge
Share
Tweet
Embed
Score 0/12 Timer 10:00
0 Plays Today
Babylon Name % Correct
War Of Modern TimesModern Warfare
100%
Dark OperationsBlack Ops
100%
Theft of Great CarGTA
100%
Field Of BattleBattlefield
100%
Hero of The GuitarGuitar Hero
100%
Band of RockRockband
100%
Falling OutFallout
85.7%
Father of the Mafia GodsGodfather
85.7%
Meeting places of creaturesAnimal Crossing
85.7%
Necessary SwiftnessNeed For Speed
71.4%
The Second Cause Of JustJust Cause 2
57.1%
City Of Growing Controled PopulationSim City
57.1%

You're not logged in!

Compare scores with friends on all Sporcle quizzes.
OR
Log In

You Might Also Like...

Show Comments

Extras

Created Jun 3, 2011ReportNominate
Tags:Video Games Quiz, babylon, name

Top Quizzes Today


Score Distribution

Your Account Isn't Verified!

In order to create a playlist on Sporcle, you need to verify the email address you used during registration. Go to your Sporcle Settings to finish the process.

Report this User

Report this user for behavior that violates our Community Guidelines.

Details: